UBT Library

The chemistry of soil analysis / (Record no. 43568)

000 -LEADER
fixed length control field 00692cam a22002417a 4500
001 - CONTROL NUMBER
control field 16306827
005 - DATE AND TIME OF LATEST TRANSACTION
control field 20180227053009.0
008 - FIXED-LENGTH DATA ELEMENTS--GENERAL INFORMATION
fixed length control field 100628s2005 ohua 000 0 eng d
010 ## - LIBRARY OF CONGRESS CONTROL NUMBER
LC control number 2010280162
020 ## - INTERNATIONAL STANDARD BOOK NUMBER
International Standard Book Number 1883822386 (pbk.)
020 ## - INTERNATIONAL STANDARD BOOK NUMBER
International Standard Book Number 9781883822385 (pbk.)
035 ## - SYSTEM CONTROL NUMBER
System control number (OCoLC)ocn317067554
040 ## - CATALOGING SOURCE
Original cataloging agency CTN
Transcribing agency CTN
Modifying agency DLC
041 ## - LANGUAGE CODE
Language code of text/sound track or separate title eng
042 ## - AUTHENTICATION CODE
Authentication code lccopycat
080 ## - UNIVERSAL DECIMAL CLASSIFICATION NUMBER
Universal Decimal Classification number 574 DON
100 1# - Rafti
Rafti 12
101 ## - Shkurtesa
Shkurtesa KIM
245 14 - TITLE STATEMENT
Title The chemistry of soil analysis /
Statement of responsibility, etc by Donald A. Storer.
906 ## - LOCAL DATA ELEMENT F, LDF (RLIN)
a 7
b cbc
c copycat
d 2
e ncip
f 20
g y-gencatlg
942 ## - ADDED ENTRY ELEMENTS (KOHA)
Source of classification or shelving scheme
Item type Books
Holdings
Withdrawn status Lost status Source of classification or shelving scheme Damaged status Not for loan Collection code Permanent location Current location Shelving location Date acquired Total Checkouts Full call number Barcode Date last seen Price effective from Koha item type
          Koleksioni i përgjithshem UBT - Lipjan UBT - Lipjan Koleksioni i përgjithshem 02/27/2018   574 DON 002-3000063 02/27/2018 02/27/2018 Books
UBT Library © 2015-2024. All rights reserved University Education for Business and Technology